Country names in Dutch - Europe - Statistics

General Stats
  • This quiz has been taken 59 times
  • The average score is 48 of 51
Answer Stats
Dutch English % Correct
Albanië Albania
100%
België Belgium
98%
Kroatë Croatia
98%
Frankrijk France
98%
Duitsland Germany
98%
Griekenland Greece
98%
Hongarije Hungary
98%
IJsland Iceland
98%
Ierland Ireland
98%
Italië Italy
98%
Kazachstan Kazakhstan
98%
Kosovo Kosovo
98%
Luxemburg Luxembourg
98%
Monaco Monaco
98%
Nederland Netherlands
98%
Polen Poland
98%
Portugal Portugal
98%
Rusland Russia
98%
Oekraïne Ukraine
98%
Andorra Andorra
96%
Armenië Armenia
96%
Cyprus Cyprus
96%
Denemarken Denmark
96%
Finland Finland
96%
Georgië Georgia
96%
Liechtenstein Liechtenstein
96%
Malta Malta
96%
Montenegro Montenegro
96%
Noorwegen Norway
96%
San Marino San Marino
96%
Spanje Spain
96%
Bulgarije Bulgaria
94%
Noord-Macedonië North Macedonia
94%
Roemenië Romania
94%
Slovenië Slovenia
94%
Zweden Sweden
94%
Turkije Turkey
94%
Vaticaanstad Vatican City
94%
Servië Serbia
92%
Zwitserland Switzerland
92%
Oostenrijk Austria
90%
Bosnië en Herzegovina Bosnia and Herzegovina
90%
Estland Estonia
90%
Moldavië Moldova
90%
Azerbeidzjan Azerbaijan
88%
Tsjechië Czechia
88%
Slowakije Slovakia
88%
Verenigd Koninkrijk United Kingdom
88%
Wit-Rusland Belarus
86%
Litouwen Lithuania
86%
Letland Latvia
84%
No matching quizzes found
Score Distribution
Percent of People with Each Score
Percentile by Number Answered
Your Score History
You have not taken this quiz